Pippi in the south seas / (Record no. 8323)

MARC details
000 -LEADER
fixed length control field 01044nam a22003137a 4500
001 - CONTROL NUMBER
control field 8323
003 - CONTROL NUMBER IDENTIFIER
control field FISKH
005 - DATE AND TIME OF LATEST TRANSACTION
control field 20250909095446.0
008 - FIXED-LENGTH DATA ELEMENTS--GENERAL INFORMATION
fixed length control field 250909b cb ||||| |||| 00| 0 eng d
020 ## - INTERNATIONAL STANDARD BOOK NUMBER
International Standard Book Number 9780140309584
040 ## - CATALOGING SOURCE
Original cataloging agency FISKH
Language of cataloging eng
Transcribing agency FISKH
Modifying agency FISKH
050 ## - LIBRARY OF CONGRESS CALL NUMBER
Classification number PZ7.L6585
082 ## - DEWEY DECIMAL CLASSIFICATION NUMBER
Classification number 839.7
100 ## - MAIN ENTRY--PERSONAL NAME
Personal name Lindgren, Astrid
245 ## - TITLE STATEMENT
Title Pippi in the south seas /
Statement of responsibility, etc. By Astrid Lindgren
250 ## - EDITION STATEMENT
Edition statement First published by The Viking Press 1959
260 ## - PUBLICATION, DISTRIBUTION, ETC.
Place of publication, distribution, etc. New York :
Name of publisher, distributor, etc. Puffin Books ,
Date of publication, distribution, etc. 1959.
300 ## - PHYSICAL DESCRIPTION
Extent 125 pages :
Other physical details illustrations ;
Dimensions 20 cm .
490 ## - SERIES STATEMENT
Series statement Pippi Longstocking
Volume/sequential designation 3
505 ## - FORMATTED CONTENTS NOTE
Formatted contents note V <br/>
520 ## - SUMMARY, ETC.
Summary, etc. The adventures of the strongest girl in the world, who takes her two friends with her when she travels from Sweden to visit her father, king of an island in the South Seas.
521 8# - TARGET AUDIENCE NOTE
Target audience note 850 <br/>
Source Lexile <br/>
521 8# - TARGET AUDIENCE NOTE
Target audience note V <br/>
Source Raz-Plus <br/>
650 ## - SUBJECT ADDED ENTRY--TOPICAL TERM
Topical term or geographic name entry element Pippi Longstocking
Form subdivision Fiction
650 ## - SUBJECT ADDED ENTRY--TOPICAL TERM
Topical term or geographic name entry element Adventure
Form subdivision Fiction
700 ## - ADDED ENTRY--PERSONAL NAME
Personal name Glanzman, Louis S.
Relator term Illustrator
942 ## - ADDED ENTRY ELEMENTS (KOHA)
Source of classification or shelving scheme Dewey Decimal Classification
Koha item type Books
Suppress in OPAC No
Holdings
Withdrawn status Lost status Source of classification or shelving scheme Damaged status Not for loan Collection Home library Current library Shelving location Date acquired Total Checkouts Full call number Barcode Date last seen Price effective from Koha item type
    Dewey Decimal Classification     Fiction Footprints International School Library Network Toul Tom Poung Campus Footprints International School Library Network Toul Tom Poung Campus TTP Secondary Fiction Bookshelves 09/09/2025   LIN 839.7 PZ7.L6585 FISOO976 09/09/2025 09/09/2025 Books